| 000 | 00936nam a2200265 a 4500 | ||
|---|---|---|---|
| 001 | BRL_240 | ||
| 005 | 20190320210641.0 | ||
| 008 | 010713s1995----u--a######---#000-0#eng-# | ||
| 020 | _a0811808262 | ||
| 041 | _aeng | ||
| 044 | _au | ||
| 050 | 4 |
_aE78.N78 _b.W93 1995 |
|
| 100 | 1 |
_aWyatt, Gary _d1958- _923330 |
|
| 245 | 1 | 0 |
_aSpirit Faces _bContemporary Native American Masks from the Northwest _cGary Wyatt. |
| 260 |
_aSan Francisco, California _bChronicle Books _c1995 |
||
| 300 |
_aviii, 135 p. _bil. a color, mapa _c26 cm. |
||
| 500 | _aIncluye notas biográficas | ||
| 500 | _aFirst published in Canada in 1994 by Douglas & McIntyre, Vancouver | ||
| 500 | _aEstado físico: lomo por desprenderse | ||
| 500 | _aAu308 | ||
| 650 | 1 | 4 |
_aMáscaras indígenas _zCosta Noroeste de América del Norte _923331 |
| 650 | 1 | 4 |
_aIndígenas de América del Norte _zCosta Noroeste de América del Norte _923332 |
| 902 | _aGRL | ||
| 942 |
_2lcc _cB |
||
| 999 |
_c9053 _d9053 |
||